000 005110000a22001930004500
001 002200
003 MACL
005 20150801160851.0
008 150801b xxu||||| |||| 00| 0 eng d
040 _aMACL
_cMACL
041 _aEnglish
082 _a364/BAN
100 _aBanerjee, Sumanta
_91040
245 _aCrime And Urbanization
_bCalcutta in the Nineteenth Century
_cSumanta Banerjee
260 _aNew Delhi
_c2006
_bTulika books,
350 _a295
650 _aCriminology
_94166
942 _k364
_cBK
_2ddc
999 _c14114
_d14114